| 000 | 00889nam a2200265 i 4500 | ||
|---|---|---|---|
| 001 | 133890 | ||
| 003 | ES-MaACL | ||
| 005 | 20250804062547.0 | ||
| 007 | t| | ||
| 008 | 070903s1971 sp ||||1| spa d | ||
| 080 | _a33(02) | ||
| 080 | _a338(430.1) | ||
| 100 | 1 |
_aWalter, Kurt. _9116009 |
|
| 245 | 1 | 0 |
_aAnatomía de la economía _b: una introducción de la economía política / _cKurt Walter, Arnold Leistico ; [traductor: Blanca Paredes]. |
| 260 |
_aMadrid : _bAlianza, _c[1971] |
||
| 300 |
_a203 p. ; _c18 cm. |
||
| 490 | 1 |
_aEl Libro de bolsillo ; _v288 |
|
| 650 | 1 | 7 |
_aEconomía _2embne _912006 |
| 651 | 4 |
_aAlemania (República Federal)- _xSituación económica. _97677 |
|
| 700 | 1 |
_aLeistico, Arnold. _971398 |
|
| 700 | 1 |
_aParedes Larrucea, Blanca. _989047 |
|
| 830 | 0 | 3 |
_aEl libro de bolsillo _v288 _9177802 |
| 852 |
_aES-MaACL _jC-46608 _bR.76807 |
||
| 999 |
_c133890 _d133890 |
||